[Event "Sachsen-Anhalt Verbandsliga 2017/18"]
[Site "Sachsen Anhalt"]
[Date "2017.10.22"]
[Round "1.4"]
[White "Henning, Marvin"]
[Black "Deutsch, Joey"]
[Result "0-1"]
[WhiteElo "1940"]
[BlackElo "1940"]
[PlyCount "106"]
[EventDate "2017.12.22"]
[EventType "team-tourn"]
[EventRounds "9"]
[EventCountry "GER"]
[SourceTitle "EXT 2020"]
[Source "ChessBase"]
[SourceDate "2019.10.17"]
[SourceVersion "1"]
[SourceVersionDate "2019.10.17"]
[SourceQuality "1"]
[WhiteTeam "Reideburg 90 Halle"]
[BlackTeam "Loeberitz II"]
[WhiteTeamCountry "GER"]
[BlackTeamCountry "GER"]

1. e4 c6 2. d4 d5 3. Nc3 dxe4 4. Nxe4 Bf5 5. Ng3 Bg6 6. h4 h6 7. Nf3 Nd7 8. Bf4 Ngf6 9. c4 Qa5+ 10. Qd2 Qxd2+ 11. Nxd2 e6 12. a3 c5 13. Be3 Ng4 14. Be2 Ndf6 15. Bf3 0-0-0 16. Nb3 Nxe3 17. fxe3 cxd4 18. Nxd4 Bc5 19. h5 Bh7 20. 0-0-0 e5 21. Ndf5 Bxf5 22. Nxf5 g6 23. b4 Bxb4 24. axb4 gxf5 25. Rhf1 Rxd1+ 26. Bxd1 Kd7 27. g4 Rg8 28. c5 Nxg4 29. Rxf5 Ke7 30. Bxg4 Rxg4 31. Rxe5+ Kf6 32. Rd5 Rxb4 33. Kc2 Re4 34. Kd3 Re5 35. Rd6+ Kg5 36. Kd4 Re7 37. Rd5+ f5 38. Kd3 Kg4 39. Kd2 Rf7 40. Ke2 Kxh5 41. Kf3 Kg5 42. e4 h5 43. e5 Re7 44. Ke3 h4 45. Kd4 Kf4 46. Rd8 Rxe5 47. Rh8 Re4+ 48. Kd5 Kg3 49. Rh5 h3 50. Rxf5 Rg4 51. Rh5 h2 52. Kd6 Kg2 53. Kc7 Rg7+ 0-1

[Event "Naumburg Osteropen 9th"]
[Site "Naumburg Saale"]
[Date "2014.04.21"]
[Round "5.10"]
[White "Deutsch, Joey"]
[Black "Treiber, Marco"]
[Result "1-0"]
[WhiteElo "1834"]
[BlackElo "1921"]
[PlyCount "103"]
[EventDate "2014.04.19"]
[EventType "swiss"]
[EventRounds "5"]
[EventCountry "GER"]
[SourceTitle "EXT 2020"]
[Source "ChessBase"]
[SourceDate "2019.10.17"]
[SourceVersion "1"]
[SourceVersionDate "2019.10.17"]
[SourceQuality "1"]

1. e4 d6 2. d4 Nf6 3. Nc3 c6 4. Be3 Nbd7 5. a4 e5 6. Nf3 Be7 7. Bc4 b6 8. Bxf7+ Kxf7 9. Ng5+ Kg8 10. Ne6 Qe8 11. Nc7 Qg6 12. Nxa8 Qxg2 13. Rf1 Ba6 14. Ne2 Ng4 15. Rg1 Qxe4 16. Nc3 Nxe3 17. Nxe4 Nxd1 18. Rxd1 Bb7 19. Nc7 Kf7 20. d5 Rc8 21. dxc6 Bxc6 22. Nd5 Bxd5 23. Rxd5 Rxc2 24. Rd2 Rc1+ 25. Rd1 Rxd1+ 26. Kxd1 d5 27. Nc3 Nf6 28. f3 g6 29. Ke2 Ke6 30. Ra1 a6 31. a5 b5 32. Nxb5 axb5 33. a6 Bc5 34. a7 Bxa7 35. Rxa7 Nd7 36. Rb7 Kd6 37. Rxb5 g5 38. Ra5 Kc6 39. Ra6+ Nb6 40. Ra7 Nd7 41. Ra8 d4 42. Rg8 h6 43. h3 Kd5 44. Rd8 Ke6 45. b4 Nf6 46. Rh8 h5 47. Rh6 Kf5 48. b5 Nd5 49. b6 Nxb6 50. Rxb6 e4 51. Rb5+ Kf4 52. fxe4 1-0

[Event "Litomysl op 14th"]
[Site "Litomysl"]
[Date "2012.12.27"]
[Round "2"]
[White "Deutsch, Joey"]
[Black "Sabuk, Piotr"]
[Result "0-1"]
[WhiteElo "1740"]
[BlackElo "2195"]
[PlyCount "100"]
[EventDate "2012.12.26"]
[EventType "swiss"]
[EventRounds "9"]
[EventCountry "CZE"]
[SourceTitle "EXT 2014"]
[Source "ChessBase"]
[SourceDate "2013.11.20"]
[SourceVersion "1"]
[SourceVersionDate "2013.11.20"]
[SourceQuality "1"]

1. Nf3 d5 2. b3 Bg4 3. Bb2 Bxf3 4. gxf3 Nd7 5. f4 e6 6. e3 Qh4 7. Qf3 Ngf6 8. Qg3 Qxg3 9. hxg3 Bd6 10. d3 0-0-0 11. Nd2 e5 12. fxe5 Bxe5 13. Bxe5 Nxe5 14. Bh3+ Kb8 15. d4 Ng6 16. Nf3 Ne7 17. Ne5 Rhf8 18. Bg2 h6 19. Nd3 Nf5 20. 0-0-0 c6 21. Kb2 h5 22. Bf3 g6 23. Rc1 Rh8 24. Ne5 Rh7 25. Rh2 Rdh8 26. Rch1 Nd6 27. g4 hxg4 28. Rxh7 Rxh7 29. Rxh7 Nxh7 30. Nxg4 Kc7 31. Ne5 Nf8 32. c4 dxc4 33. Nxc4 Ne6 34. Nxd6 Kxd6 35. Kc3 a5 36. a3 Nc7 37. b4 a4 38. Bg2 Nd5+ 39. Kd2 b5 40. e4 Nb6 41. Kc3 g5 42. e5+ Ke7 43. Bf3 Nd5+ 44. Kd3 f6 45. exf6+ Kxf6 46. Be4 Ke6 47. Bxd5+ cxd5 48. Ke3 Kf5 49. f3 g4 50. fxg4+ Kxg4 0-1